Zmeny v odpovedi na stresory endoplazmatického retikula indukované expresiou P-glykoproteínu v leukemických bunkách.
Gespeichert in:
| 1. Verfasser: | |
|---|---|
| Weitere Verfasser: | |
| Format: | Manuskript Buch |
| Sprache: | Slowakisch |
| Veröffentlicht: |
2018
|
| Schlagworte: | |
| Online-Zugang: | http://is.stuba.sk/zp/portal_zp.pl?podrobnosti=124746 |
| Tags: |
Keine Tags, Fügen Sie das erste Tag hinzu!
|
MARC
| LEADER | 00000ntm a22000003a 4500 | ||
|---|---|---|---|
| 001 | stuzp54489 | ||
| 003 | SK-STU | ||
| 005 | 20180901210445.5 | ||
| 007 | ta | ||
| 008 | 150427s2015----xo-----f-mn---000-0-slo-d | ||
| 040 | |a STU |b slo | ||
| 041 | 0 | |a slo | |
| 100 | 1 | |a Hano, Milan |u 043000 |4 aut |U FCHPT Fakulta chemickej a potravinárskej technológie |T FCHPT Ústav biochémie a mikrobiológie |X 57615 |U C3000 |Y 101 |7 57615 | |
| 242 | 0 | 1 | |a Alterations of response on endoplasmic reticulum stressors in leukemia cells induced by P-glycoprotein expression. |y eng |
| 245 | 1 | 0 | |a Zmeny v odpovedi na stresory endoplazmatického retikula indukované expresiou P-glykoproteínu v leukemických bunkách. |
| 260 | |c 2018 | ||
| 650 | 4 | |a P-glykoproteín |2 slo | |
| 650 | 4 | |a mnohopočetná lieková rezistencia |2 slo | |
| 650 | 4 | |a tunikamycín |2 slo | |
| 650 | 4 | |a stres endoplazmatického retikula |2 slo | |
| 650 | 4 | |a glykozylácia |2 slo | |
| 650 | 4 | |a lektíny |2 slo | |
| 650 | 4 | |a ubiquitín |2 slo | |
| 650 | 4 | |a P-glycoprotein |2 eng | |
| 650 | 4 | |a multidrug resistance |2 eng | |
| 650 | 4 | |a tunicamycin |2 eng | |
| 650 | 4 | |a stress of endoplasmic reticulum |2 eng | |
| 650 | 4 | |a glycosylation |2 eng | |
| 650 | 4 | |a lectins |2 eng | |
| 650 | 4 | |a ubiquitin |2 eng | |
| 700 | 1 | |a Sulová, Zdena |4 ths |X 64069 |7 64069 | |
| 856 | 4 | |u http://is.stuba.sk/zp/portal_zp.pl?podrobnosti=124746 | |